La Crisis actual del imperialismo y los procesos revolucionarios en América Latina y el Caribe /

Guardat en:
Dades bibliogràfiques
Autor principal: Piñeiro Losada, Manuel
Format: Text
Etiquetes: Afegir etiqueta
Sense etiquetes, Sigues el primer a etiquetar aquest registre!

MARC

LEADER 00000 a a2200000 04500
001 2638
003
040
100 |a Piñeiro Losada, Manuel  
245 |a La Crisis actual del imperialismo y los procesos revolucionarios en América Latina y el Caribe /  |c Manuel Piñeiro Losada 
773 |g número 139; páginas 3-20  
999 |c 34838  |d 34838